| 000 | 01840nam0a2200409 i 4500 | ||
|---|---|---|---|
| 001 | RU\NLR\BIBL_A\010021669 | ||
| 005 | 20260405164244.0 | ||
| 010 |
_a978-5-91458-111-1 _9200 |
||
| 021 |
_aRU _b2013-93048 _94 |
||
| 021 |
_aRU _b2013-93048 _96445 |
||
| 035 | _a(NILC)RuMoRGB-006700395 | ||
| 035 | _a(NLR Aleph) 010021669 | ||
| 090 |
_a9904489 _c9904489 |
||
| 100 | _a20140116d2012 km y0rusy50 ca | ||
| 101 | 0 |
_arus _atyv |
|
| 102 | _aRU | ||
| 105 | _ay|||||||||||| | ||
| 200 | 1 |
_aЯзык сойотов Бурятии _fВ. И. Рассадин _gМ-во образования и науки Рос.й Федерации, Федер. гос. бюджет. образоват. учреждение высш. проф. образования "Калмыц. гос. ун-т" |
|
| 210 |
_aЭлиста _cИзд-во Калмыцкого университета _d2012 |
||
| 215 |
_a152, [2] с. _d30 |
||
| 606 |
_aТувинский язык _xГрамматика _91826925 _3RU\NLR\AUTH\661117961 |
||
| 606 | 1 |
_aТувинский язык _xСловари _xБурятский язык _92308086 _3RU\NLR\AUTH\661381483 |
|
| 606 | 1 |
_aТувинский язык _xСловари _xРусский язык _91827033 _3RU\NLR\AUTH\661118012 |
|
| 610 | 0 | _aсойотский язык | |
| 610 | 0 | _aсойотский фольклор | |
| 675 | _a811.512.1(571.54) | ||
| 686 | 1 | _aШ163.441-2 | |
| 686 | 1 | _aШ163.441-491перев | |
| 700 | 1 |
_7ca _8rus _aРассадин _bВ. И. _cд-р филол. наук _f1939-2017 _gВалентин Иванович _953169 _3RU\NLR\AUTH\7770241 |
|
| 801 | 0 |
_aRU _bRuMoRKP _c20131121 _gRCR |
|
| 801 | 2 |
_aRU _bРГБ _c20131203 _grcr |
|
| 852 |
_aNLR _bОНЛ _jСойот./5-1 |
||
| 942 | _cBOOK | ||
| 980 | _aNBR | ||